Estudios del reinado de Felipe IV / (Record no. 39660)

MARC details
000 -LEADER
campo de control de longitud fija 01727nam a2200289 i 4500
001 - NÚMERO DE CONTROL
campo de control 39660
003 - IDENTIFICADOR DE NÚMERO DE CONTROL
campo de control ES-MaACL
005 - FECHA Y HORA DE LA ÚLTIMA TRANSACCIÓN
campo de control 20231221150402.0
007 - CAMPO FIJO DE DESCRIPCIÓN FÍSICA--INFORMACIÓN GENERAL
campo de control de longitud fija t|
008 - DATOS DE LONGITUD FIJA--INFORMACIÓN GENERAL
campo de control de longitud fija 030303s1888 sp ||||1| spa d
100 1# - ENTRADA PRINCIPAL--NOMBRE DE PERSONA
Nombre de persona Cánovas del Castillo, Antonio,
Fechas asociadas al nombre 1828-1897
9 (RLIN) 34600
245 10 - MENCIÓN DEL TÍTULO
Título Estudios del reinado de Felipe IV /
Mención de responsabilidad, etc. Antonio Cánovas del Castillo.
260 ## - PUBLICACIÓN, DISTRIBUCIÓN, ETC.
Lugar de publicación, distribución, etc. Madrid :
Nombre del editor, distribuidor, etc. [s.n.],
Fecha de publicación, distribución, etc. 1888 (
Fabricante Imp. de A. Pérez Dubrull)
300 ## - DESCRIPCIÓN FÍSICA
Extensión 2 v. ;
Dimensiones 17 cm.
490 1# - MENCIÓN DE SERIE
Mención de serie Colección de escritores castellanos. Historiadores ;
Designación de volumen o secuencia 67, 71
490 1# - MENCIÓN DE SERIE
Mención de serie Obras de D. Antonio Cánovas del Castillo
505 8# - NOTA DE CONTENIDO CON FORMATO
Nota de contenido con formato Contiene: I. Revolución de Portugal: textos y reflexiones ; Negociación y rompimiento con la República inglesa ; Apéndice al estudio sobre la revolución de Portugal - II. Antecedentes y relación crítica de la batalla de Rocroy, con el principio y fin que tuvo la superioridad militar de los españoles en Europa ; Apéndice al estudio sobre la batalla de Rocroy, y el principio y fin que tuvo la superioridad militar...
530 ## - NOTA DISPONIBLE DE FORMULARIO FÍSICO ADICIONAL
Nota de formato físico adicional disponible Disponible en formato digital.
651 #0 - PUNTO DE ACCESO ADICIONAL DE MATERIA--NOMBRE GEOGRÁFICO
Nombre geográfico España-
Subdivisión general Historia-
Subdivisión cronológica 1621-1665, Felipe IV.
9 (RLIN) 8235
830 1# - PUNTO DE ACCESO ADICIONAL DE SERIE-TÍTULO UNIFORME
Título uniforme Colección de escritores castellanos. Historiadores ;
Designación de volumen o secuencia 67, 71
9 (RLIN) 182453
830 1# - PUNTO DE ACCESO ADICIONAL DE SERIE-TÍTULO UNIFORME
Título uniforme Obras de D. Antonio Cánovas del Castillo
9 (RLIN) 226529
852 ## - LOCALIZACIÓN
Ubicación ES-MaACL
Número de control de estantería F-12448-49
856 ## - LOCALIZACIÓN Y ACCESO ELECTRÓNICOS
Identificador Uniforme de Recursos <a href="http://www.bibliotecavirtualdeandalucia.es/catalogo/es/consulta/registro.do?id=8287">http://www.bibliotecavirtualdeandalucia.es/catalogo/es/consulta/registro.do?id=8287</a>
Nota pública Biblioteca Virtual de Andalucía
856 ## - LOCALIZACIÓN Y ACCESO ELECTRÓNICOS
Identificador Uniforme de Recursos <a href="https://bibliotecadigital.jcyl.es/es/consulta/registro.do?id=2901">https://bibliotecadigital.jcyl.es/es/consulta/registro.do?id=2901</a>
Nota pública Biblioteca Digital de Castilla y León
856 ## - LOCALIZACIÓN Y ACCESO ELECTRÓNICOS
Identificador Uniforme de Recursos <a href="http://bdh-rd.bne.es/viewer.vm?id=0000038270&page=1 ">http://bdh-rd.bne.es/viewer.vm?id=0000038270&page=1 </a>
Nota pública Biblioteca Digital Hispánica
-- (V. 2)
Holdings
Estatus retirado Estado de pérdida Estado de daño No para préstamo Colección Biblioteca de origen Biblioteca actual Ubicación en estantería Fecha de adquisición Fuente de adquisición Total de préstamos Signatura topográfica completa Código de barras Visto por última vez Precio de reemplazo Tipo de ítem Koha
        Colección digital Biblioteca del Ateneo de Madrid Biblioteca del Ateneo de Madrid Sala Pecera Planta 2 17/01/2008     F-12448-49 1041768 23/02/2023 23/02/2023 Libro impreso antiguo